00778nam a2200217Ii 45000010005000000030009000050080041000140400033000550410008000880820019000961000037001152450025001522640077001773000012002543360026002663370028002923380027003209400050003479990017003979520146004149018CO-ViMGA241108s9999||||xx |||||||||||||| ||und|| aCO-ViMGAbspaerdacCO-ViMGA0 aunk04a398.90981-L5791 aJosé Antonio León Rey94885710aPaisajes y Vivencias 1a[Lugar de publicación no identificado] : Instituto Caro y Cuervo, 1987 avolumen atextbtxt2rdacontent aunmediatedbn2rdamedia avolumebnc2rdacarrier aidficha_siabuc: 8817. -- ficha_no_siabuc:9018 c53047d53047 001040708001aMEVIGERRbMEVIGERRcGENd2006-11-27hVol.1o398.90981-L579pECA9445r2024-11-26 10:09:41tEj.1w2024-11-26yBKz8817 | 12295